000 00484nam a22001697a 4500
005 20251108164940.0
008 250721s2001 xx 000 0 ara d
082 1 4 _a523/شوا
100 1 _aشواهين، خير
245 1 0 _aتجارب و أنشطة و قياسات في علم الفلك /
264 1 _aاربد :
_bدار الأمل،
_c2001.
300 _a123ص
490 0 _aعلوم للهواة ؛1
650 1 7 _aعلم الفلك
942 _2ddc
_cBK
999 _c18179
_d18179